| 000 | 00637nam a22002177a 4500 | ||
|---|---|---|---|
| 003 | OSt | ||
| 005 | 20140508105654.0 | ||
| 008 | 130206t xxu||||| |||| 00| 0 eng d | ||
| 020 | _a9718966877 | ||
| 050 |
_aKE 5621 _b.Su12l 2006 |
||
| 100 | _aSuarez, Carlos B. | ||
| 245 |
_aThe Law on partnerships and private corporations : _cCarlos B. Suarez, Alexander Q. Suarez _bfor business students / |
||
| 260 |
_aManila : _bCPA Review School of the Philippines, _cc2006. |
||
| 300 |
_a490 p. : _c22 cm. |
||
| 521 | _aBSBA | ||
| 526 | _c1210L-1700L | ||
| 562 | _e1 | ||
| 650 | _aCorporations | ||
| 942 |
_2lcc _cBK _kFIL |
||
| 999 |
_c17859 _d17859 |
||